चट्टान, मिट्टी और खनिज (Record no. 122037)
[ view plain ]
| 000 -LEADER | |
|---|---|
| fixed length control field | 01233nam a22002417a 4500 |
| 010 ## - LIBRARY OF CONGRESS CONTROL NUMBER | |
| LC control number | A-960601 |
| 020 ## - INTERNATIONAL STANDARD BOOK NUMBER | |
| Terms of availability | 100.00 |
| 035 ## - SYSTEM CONTROL NUMBER | |
| System control number | A-960601 |
| 037 ## - SOURCE OF ACQUISITION | |
| Stock number | Cen Lib / Ret |
| 040 ## - CATALOGING SOURCE | |
| Original cataloging agency | DPL |
| Language of cataloging | EN |
| 082 ## - DEWEY DECIMAL CLASSIFICATION NUMBER | |
| Classification number | 372.35044 |
| Item number | स्टोलब |
| 100 ## - MAIN ENTRY--PERSONAL NAME | |
| Personal name | स्टोलबर्ग |
| 9 (RLIN) | 134505 |
| 245 ## - TITLE STATEMENT | |
| Title | चट्टान, मिट्टी और खनिज |
| Remainder of title | स्टोलबर्ग ; संपादन नवीन मेहरा [एंड] डी. एन. खोसला |
| Statement of responsibility, etc | सामान्य विज्ञान शिक्षण अदध्यापको के लिए प्रयोग-पुस्तक / |
| 246 ## - VARYING FORM OF TITLE | |
| Title proper/short title | Chattan, Mitti or khanij : general science practicl guide / |
| Remainder of title | by Stolburg ; Naveen Mehra; D. N. Khosla |
| 260 ## - PUBLICATION, DISTRIBUTION, ETC. (IMPRINT) | |
| Place of publication, distribution, etc | दिल्ली |
| Name of publisher, distributor, etc | जनवाणी प्रकाशन |
| Date of publication, distribution, etc | 1999 |
| 270 ## - ADDRESS | |
| Address | 30/22ए, गली नं. 9, विस्वास नगर |
| City | दिल्ली |
| Postal code | 110032 |
| 300 ## - PHYSICAL DESCRIPTION | |
| Extent | 103p ; |
| Other physical details | 24cm(Hb) |
| 650 ## - SUBJECT ADDED ENTRY--TOPICAL TERM | |
| Topical term or geographic name as entry element | Education |
| 9 (RLIN) | 1169 |
| 650 ## - SUBJECT ADDED ENTRY--TOPICAL TERM | |
| Topical term or geographic name as entry element | General Science |
| 9 (RLIN) | 42175 |
| 700 ## - ADDED ENTRY--PERSONAL NAME | |
| Personal name | मेहरा, नवीन |
| 9 (RLIN) | 134506 |
| 700 ## - ADDED ENTRY--PERSONAL NAME | |
| Personal name | डी. एन. खोसला |
| 9 (RLIN) | 83470 |
| 942 ## - ADDED ENTRY ELEMENTS (KOHA) | |
| Source of classification or shelving scheme | Dewey Decimal Classification |
| Koha item type | Hindi Books |
| Classification part | 372.35044 |
| Call number suffix | स्टोलब |
| Withdrawn status | Lost status | Damaged status | Not for loan | Home library | Current library | Date acquired | Source of acquisition | Cost, normal purchase price | Total Checkouts | Full call number | Barcode | Date last seen | Copy number | Cost, replacement price | Price effective from | Koha item type |
|---|---|---|---|---|---|---|---|---|---|---|---|---|---|---|---|---|
| Central Library | Central Library | 17/02/2016 | Cen Lib/Ret | 100.00 | 372.35044 स्टोलब | A-960601 | 17/02/2016 | 1 | 100.00 | 17/02/2016 | Hindi Books |
